STN EN 10272: 2003 (42 1031) [neplatná], Tyče z koróziivzdorných ocelí na tlakové účely

Norma obsahuje českú verziu EN 10272: 2000 a národnú prílohu - register slovenských termínov

Podrobná bibliografia
Korporácia: NORTECH (Praha, Česko) (Prekladateľ), Český normalizační institut (Praha, Česko). Technická normalizační komise č. 62 Ocel
Ďalší autori: Pivoňka, Michal (Prekladateľ), Sulkiewiczová, Věra (Prekladateľ), Váchalová, Marie (Prekladateľ)
Médium: Kniha
Jazyk:čeština
slovenčina
angličtina
Fyzický popis:39 s. obr., tab. 30 cm
Vydavateľské údaje: Bratislava Slovenský ústav technickej normalizácie 2003
Predmet:

MARC

LEADER 00000cam a2200000 a 4500
001 vtls001467701
003 SK-MaSNL
005 20260512081335.0
008 160624s2003 xo a u 00100 cze
020 |c (cen. skup. 13) 
035 |a SNK000423006 
040 |a SNK  |b slo  |c SNK  |e AACR2 
041 1 |a cze  |a slo  |a eng  |h eng 
044 |a xo  |c SK 
046 |a m  |m 200311 (účin.)  |n 200802 (zruš.) 
072 7 |a 669  |x Metalurgia  |2 konspekt 
080 |a 669.14  |2 2001 
080 |a 620.1  |2 2001 
080 |a 006.86  |2 2001 
080 |a (4)CEN  |2 2001 
080 |a (437.6)  |2 2001 
080 |a (083.742)  |2 2001 
084 |a 77.140.20  |2 ICS 
130 0 |a STN 42 1031 (STN EN 10272) [neplatná]  |9 640442 
245 1 0 |a STN EN 10272: 2003 (42 1031) [neplatná], Tyče z koróziivzdorných ocelí na tlakové účely 
246 1 0 |a Tyče z koróziivzdorných ocelí na tlakové účely 
246 3 0 |a EN 10272: 2000 D 
260 |a Bratislava  |b Slovenský ústav technickej normalizácie  |c 2003 
300 |a 39 s.  |b obr., tab.  |c 30 cm 
500 |a Táto norma nahrádza anglické znenie STN EN 10272 z novembra 2001 v celom rozsahu 
500 |a Spracovateľ: Michal Pivoňka ; spracovateľ českej verzie NORTECH Praha, Věra Sulkiewiczová, Marie Váchalová 
500 |a Norma je nahradená normou STN EN 10272 z februára 2008 v celom rozsahu 
504 |a Citované normy a súvisiace právne predpisy s. 2 ; bibliografia s. 38 
520 8 |a Norma obsahuje českú verziu EN 10272: 2000 a národnú prílohu - register slovenských termínov 
540 |a STN vydané na akomkoľvek nosiči sa môžu rozmnožovať a rozširovať iba so súhlasom určenej právnickej osoby  |b SÚTN Bratislava  |c zákon 264/1999 Z.z. 
546 |a Norma je vydaná v češtine, normatívne odkazy aj v angličtine 
650 0 7 |a ocele  |2 SVKBBPH  |9 354439 
650 0 7 |a nehrdzavejúce ocele  |2 SVKBBPH  |9 410339 
650 0 7 |a tyče  |2 SVKBBPH  |9 640443 
650 0 7 |a technické normy a štandardy  |z Slovensko  |2 SNKPH  |9 79594 
650 0 7 |a technické normy a štandardy  |z krajiny Európskej únie  |2 SNKPH  |9 289341 
655 7 |a normy  |2 SNK  |9 70643 
700 1 |a Pivoňka, Michal  |4 trl  |9 314614 
700 1 |a Sulkiewiczová, Věra  |4 trl  |9 593375 
700 1 |a Váchalová, Marie  |4 trl  |9 593376 
710 2 |a NORTECH (Praha, Česko)  |4 trl  |9 640444 
710 |a Slovenský ústav technickej normalizácie (Bratislava, Slovensko).  |b Technická normalizačná komisia č. 45 Oceľ, hliník a neželezné kovy  |4 stn  |9 312414 
710 2 |a Český normalizační institut (Praha, Česko).  |b Technická normalizační komise č. 62 Ocel  |9 593377 
958 |a OP 
958 |a NB 
999 |c 989072  |d 991002 
952 |t P60, <03>, [BOOK], {603}  |a SNK  |b SNK  |y PREZ  |7 0  |p 17A0410928  |o snkSTN EN 10272  |i snkN 50/2004  |0 0  |1 0  |4 0  |d 2004-02-04  |l 0  |r 2005-01-02 00:00:00  |w 2026-02-24 
952 |a SNK  |b SNK  |y PREZ  |7 0  |p 17A0410929  |o snkSTN EN 10272 D1  |i snkN 51/2004  |0 0  |1 0  |4 0  |d 2004-02-04  |l 0  |r 2005-01-02 00:00:00  |w 2026-02-24